• 首页
  • 本馆介绍
  • 公告通知
  • 最新文献
  • 馆藏检索
  • 电子资源
  • 读者导购
  • 参考咨询
  • 我的图书馆
  • 登录
  • 详细信息显示
  • 放入我的书架
  • 预约/预借图书
  • 作者相关作品
  • 分类相关作品
  • 丛书相关作品
  • 出版社相关作品

书目信息

  • 表格格式
  • 工作单格式
  • 卡片格式
题名:
国际贸易行政案件司法审查的平等对待原则研究
    
 
作者: 王晓滨 著
分册:  
出版信息: 北京   中国法制出版社  2014
页数: 257页
开本: 23cm
丛书名:
单 册:
中图分类: D996.1
科图分类:
主题词: 国际贸易--行政诉讼--司法监督--研究 , 国际贸易 , 行政诉讼 , 司法监督
电子资源:
ISBN: 978-7-5093-5046-1
000 01390nam0 2200289 450
001 523
005 20140908111016.57
010    @a978-7-5093-5046-1@dCNY45.00
100    @a20140504d2014 kemy0chiy50 ea
101 0  @achi
102    @aCN@b110000
105    @ay z 000yy
106    @ar
200 1  @a国际贸易行政案件司法审查的平等对待原则研究@AGuo Ji Mao Yi Xing Zheng An Jian Si Fa Shen Cha De Ping Deng Dui Dai Yuan Ze Yan Jiu@dResearch on the principle of equal treatment in judicial review for administrative cases about international trade@f王晓滨著@FWang Xiao Bin Zhu@zeng
210    @a北京@c中国法制出版社@d2014
215    @a257页@d23cm
300    @a中国博士后科学基金面上资助项目
330    @a本书从法官的视角对平等对待原则进行研究。全书对国际贸易行政案件的司法审查问题作了剖析,在当前进一步深化改革、扩大开放的时代背景下,对厘清司法审判理念,强化司法审查力度,弘扬司法公平正义,促进中外经营者合法权益的平等保护,健全和完善中国特色的社会主义司法制度具有积极的意义。
510 1  @aResearch on the principle of equal treatment in judicial review for administrative cases about international trade@zeng
606 0  @a国际贸易@x行政诉讼@x司法监督@x研究
606 0  @a国际贸易
606 0  @a行政诉讼
606 0  @a司法监督
690    @aD996.1@v5
701  0 @a王晓滨@AWang Xiao Bin@f(1969.12~)@4著
801  0 @aCN@bTANGWEI@c20140603
905    @b0840899-901@dD996.1@e121@f3
    
    国际贸易行政案件司法审查的平等对待原则研究=Research on the principle of equal treatment in judicial review for administrative cases about international trade/王晓滨著.-北京:中国法制出版社,2014
    257页;23cm
    中国博士后科学基金面上资助项目
    
    ISBN 978-7-5093-5046-1:CNY45.00
    本书从法官的视角对平等对待原则进行研究。全书对国际贸易行政案件的司法审查问题作了剖析,在当前进一步深化改革、扩大开放的时代背景下,对厘清司法审判理念,强化司法审查力度,弘扬司法公平正义,促进中外经营者合法权益的平等保护,健全和完善中国特色的社会主义司法制度具有积极的意义。
●
相关链接 在E读中查询图书 在五车中查询图书 在当当中查询图书 在豆瓣中查询图书


正题名:国际贸易行政案件司法审查的平等对待原则研究     索取号:D996.1/121         预约/预借

序号 登录号 条形码 馆藏地/架位号 状态 备注
1 0840899   208408999   第一样本阅览室/ [索取号:D996.1/121] 在馆    
2 0840900   208409006   第一借阅区/ [索取号:D996.1/121] 在馆    
3 0840901   208409015   密集书库-史法系/ [索取号:D996.1/121] 在馆    
唐山师范学院图书馆 欢迎您!
大连网信软件有限公司© 版权所有